00365nam a2200121Ia 4500003000400000005001700004008004100021040001800062041000800080100004700088245007300135260003500208OSt20260120103617.0211028s2014 xx 000 0 und d cAIMIT LIBRARY aeng aCastelino, Arvin; Wright, Rowena.g1216015 aCustomers leakage to competitors undertaken at sai radha tvs Udupi / aMangalorebRowena Wrightc2014